000 00333nam a2200145 i 4500
001 bg
100 1 _aBORUVKA, Otakar
245 0 _aLineare Differentialtransformationen /
_cO. Boruvka.
260 _aBerlin,
_c1967.
040 _cBPK
041 _apol
080 _a517
942 _cKS
008 s pl f |000 0 pol
999 _c11679
_d11679
856 _uhttp://koha.tu.koszalin.pl/cgi-bin/koha/opac-detail.pl?biblionumber=11679
_yKatalog online BPK